Call of Duty Black Ops 3 All Zombies Maps - Statistics

General Stats
  • This quiz has been taken 368 times
  • The average score is 12 of 14
Answer Stats
Answer % Correct
Shadows of Evil
97%
The Giant
91%
Der Eisendrache
88%
Gorod Krovi
87%
The Moon
86%
Origins
85%
Revelations
85%
Kino Der Toten
84%
Shi No Numa
78%
Shangri-La
77%
Ascension
76%
Nacht Der Untoten
76%
Verruckt
76%
Zetsubou no Shima
72%
No matching quizzes found
Score Distribution
Percent of People with Each Score
Percentile by Number Answered
Your Score History
You have not taken this quiz